Steagurile Europei - quiz pe hartă - Statistics

General Stats
  • This quiz has been taken 14 times
  • The average score is 35 of 45
Answers on the Map
Answers color-coded by a green-red scale on the quiz's map according to % correct below.
 
Answer Stats
Answer % Correct
Italy
100%
Germany
92%
Ukraine
92%
Spain
92%
Hungary
92%
Belarus
92%
Greece
92%
Portugal
92%
Serbia
83%
United Kingdom
83%
Romania
83%
Bulgaria
83%
Belgium
83%
Bosnia and Herzegovina
83%
France
83%
Russia
83%
Moldova
83%
Switzerland
83%
Vatican City
75%
Slovakia
75%
Croatia
75%
Kosovo
75%
Austria
75%
San Marino
75%
Montenegro
75%
Iceland
75%
Latvia
75%
Albania
75%
Monaco
75%
Andorra
75%
Netherlands
75%
Finland
75%
Ireland
75%
Poland
75%
Macedonia
67%
Malta
67%
Sweden
67%
Czech Republic
67%
Estonia
67%
Liechtenstein
67%
Slovenia
58%
Norway
58%
Denmark
58%
Lithuania
58%
Luxembourg
50%
No matching quizzes found
Score Distribution
Percent of People with Each Score
Percentile by Number Answered
Your Score History
You have not taken this quiz